| 000 | 00000nam 2200000za 4500 |
| 001 | 9.835169 |
| 003 | CaOODSP |
| 005 | 20221107150613 |
| 007 | cr ||||||||||| |
| 008 | 170412s2017 onc o f000 0 eng d |
| 020 | |a9780660082950|z9780660082912|z9780660082905 |
| 040 | |aCaOODSP|beng |
| 043 | |an-cn--- |
| 086 | 1 |aH129-74/2017E-PDF|zH129-74/2017E |
| 245 | 00|aLegalizing and strictly regulating cannabis |h[electronic resource] : |bthe facts. |
| 260 | |a[Ottawa] : |bGovernment of Canada, |cc2017. |
| 300 | |a2 p. |
| 500 | |aIssued also in French under title: La légalisation et la réglementation stricte du cannabis : les faits. |
| 500 | |aCaption title. |
| 500 | |aIssued by: Health Canada. |
| 500 | |aIncorrect ISBNs (978-0-660-08291-2, 978-0-660-08290-5) printed in this publication. |
| 520 | |a“This factsheet describes how the Cannabis Act would restrict access to cannabis, protect public health and safety, and set criminal penalties"--Provided by publisher. |
| 530 | |aIssued also in print format. |
| 692 | 07|2gccst|aMarijuana |
| 693 | 4|aDrug legalization |
| 710 | 1 |aCanada. |bHealth Canada. |
| 775 | 08|tLa légalisation et la réglementation stricte du cannabis |w(CaOODSP)9.835171 |
| 776 | 0#|tLegalizing and strictly regulating cannabis : |w(CaOODSP)9.835168 |
| 794 | |tLegalizing and strictly regulating cannabis |w(CaOODSP)9.851866 |
| 856 | 40|qPDF|s244 KB|uhttps://publications.gc.ca/collections/collection_2017/sc-hc/H129-74-2017-eng.pdf |
| 986 | |a170014 |